Meera bhajans / (Record no. 45802)

MARC details
000 -LEADER
fixed length control field 01163njm a22002657a 4500
005 - DATE AND TIME OF LATEST TRANSACTION
control field 20100914160511.0
006 - FIXED-LENGTH DATA ELEMENTS--ADDITIONAL MATERIAL CHARACTERISTICS--GENERAL INFORMATION
fixed length control field a|||||r|||||00| 0
007 - PHYSICAL DESCRIPTION FIXED FIELD--GENERAL INFORMATION
fixed length control field sd ammalaaahaa
008 - FIXED-LENGTH DATA ELEMENTS--GENERAL INFORMATION
fixed length control field 100901t xxu||||| |||| 00| 0 eng d
028 ## - PUBLISHER NUMBER
Publisher number EALP. 1297
Source His Master's Voice
035 ## - SYSTEM CONTROL NUMBER
System control number GR-02371
040 ## - CATALOGING SOURCE
Original cataloging agency SED
Transcribing agency SED
100 ## - MAIN ENTRY--PERSONAL NAME
Personal name Subbulakshmi, M.S.
9 (RLIN) 17891
245 ## - TITLE STATEMENT
Title Meera bhajans /
Statement of responsibility, etc by M.S. Subbulakshmi
Medium [Sound recording]
246 ## - VARYING FORM OF TITLE
Title proper/short title मीरा भजन / म. स. सुब्बुलक्ष्मी द्वारा
260 ## - PUBLICATION, DISTRIBUTION, ETC. (IMPRINT)
Place of publication, distribution, etc Dum Dum, India
Name of publisher, distributor, etc His Master's Voice
Date of publication, distribution, etc 1965
300 ## - PHYSICAL DESCRIPTION
Extent 1 Sound disc [Gramophone Recording] :
Other physical details analog, 33 1/3 rpm
Dimensions 12 in. (LP)
Type of unit Gramophone Record
500 ## - GENERAL NOTE
General note Brief record
500 ## - GENERAL NOTE
General note Record Labels : His Master's Voice, Red
505 ## - FORMATTED CONTENTS NOTE
Formatted contents note Side-1 मेरे तो गिरिधर (Mere to giridhar) (M.S. Subbulakshmi) --Side-2 बसों मोरे (Baso More) (M.S. Subbulakshmi)
600 ## - SUBJECT ADDED ENTRY--PERSONAL NAME
Personal name Subbulakshmi, M.S.
9 (RLIN) 19718
650 ## - SUBJECT ADDED ENTRY--TOPICAL TERM
Topical term or geographic name as entry element Bhajans
General subdivision Excerpts
Geographic subdivision India
9 (RLIN) 17892
942 ## - ADDED ENTRY ELEMENTS (KOHA)
Source of classification or shelving scheme Dewey Decimal Classification
Item type Gramaphone Records
Holdings
Withdrawn status Lost status Source of classification or shelving scheme Damaged status Not for loan Collection code Home library Current library Date acquired Source of acquisition Total Checkouts Barcode Date last seen Copy number Price effective from Koha item type
    Dewey Decimal Classification   Not For Loan Non-fiction Central Library Central Library 14/09/2010 SED/VEN   GR-02371 14/09/2010 1 14/09/2010 Gramaphone Records

© Delhi Public Library
Hit Counter
free hit counter